Statystyki dla AC Milan 2019/2020

Kliknij tutaj aby rozwiązać quiz!

Ogólne statystyki

  • Ten quiz został rozwiązany 238 razy
  • Średni wynik to 16 z 34

Statystyki odpowiedzi

PozycjaImię i Nazwisko% Poprawnych
BramkarzAntonio Donnarumma
97%
BramkarzGianluigi Donnarumma
97%
NapastnikKrzysztof Piątek
94%
ObrońcaAlessio Romagnoli
77%
NapastnikFernandez Suso
77%
NapastnikRafael Leao
76%
PomocnikFranck Kessie
73%
PomocnikHakan Calhanoglu
71%
BramkarzJose Manuel Reina
68%
ObrońcaDavide Calabria
64%
ObrońcaMatteo Musacchio
63%
ObrońcaTheo Hernandez
63%
ObrońcaRicardo Rodriguez
60%
NapastnikAnte Rebic
60%
PomocnikLucas Paqueta
59%
NapastnikSamuel Castillejo
57%
PomocnikGiacomo Bonaventura
54%
PomocnikLucas Biglia
51%
ObrońcaAndrea Conti
49%
PomocnikIsmael Bennacer
40%
ObrońcaMattia Caldara
40%
PomocnikRade Krunic
33%
NapastnikDaniel Maldini
29%
NapastnikFabio Borini
29%
ObrońcaDiego Laxalt
24%
ObrońcaLeo Duarte
23%
NapastnikAndre Silva
21%
ObrońcaMatteo Gabbia
18%
PomocnikAlessandro Sala
4%
BramkarzMatteo Soncin
4%
PomocnikMarco Brescianini
3%
NapastnikAndrea Capone
2%
PomocnikAntonio Mionic
2%
NapastnikGabrielle Capanni
0%

Rozkład punktacji

Percentyl według liczby udzielonych odpowiedzi

Procent ludzi z każdym wynikiem

Twoja historia wyników

Nie rozwiązałeś tego quizu